[Event "92nd ARG-ch Final 2017"]
[Site "Buenos Aires"]
[Date "2017.10.19"]
[Round "8"]
[White "Dolezal, Cristian"]
[Black "Cuberli, Emiliano"]
[Result "0-1"]
[WhiteElo "2426"]
[BlackElo "2248"]
[Annotator "TA"]
[PlyCount "60"]
[EventDate "2017.10.12"]
[EventType "tourn"]
[EventCountry "ARG"]
[SourceTitle "playchess.com"]
[Source "ChessBase"]
[SourceQuality "1"]

{[%evp 13,60,30,29,16,31,27,32,38,45,25,22,26,33,0,0,0,3,0,3,-14,0,-48,-25,-32,-29,-95,-98,-85,-90,-91,0,-18,17,12,21,-41,0,0,17,-14,-13,-38,-7,-139,-49,-49,-25,-738,-747]} 1. d4 d5 2. c4 c6 3. Nf3 Nf6 4. Nc3 dxc4 5. a4 Bf5 6. e3 Nbd7 7. Bxc4 e6 8. a5 {D18: Slav Defence: 5 a4 Bf5 6 e3} (8. O-O Bb4 9. Qb3 Qb6 10. e4 Bg6 11. Bxe6 fxe6 12. a5 Bxa5 13. Qxe6+ Kd8 14. e5 Bxc3 15. exf6 Re8 16. Qc4 Qb4 17. Qxc3 Qxc3 18. bxc3 gxf6 {0-1 (40) Riazantsev,A (2659)-Alekseenko,K (2585) Sochi 2017}) 8... Bb4 9. Qb3 Bxa5 $146 ({Predecessor:} 9... Qe7 10. O-O Rb8 11. Bd2 O-O 12. Rfe1 c5 13. h3 h6 14. Nb1 Bxd2 15. Nbxd2 Ne4 16. Nxe4 Bxe4 {½-½ (26) Newton,R (2035)-Hughes,R (2117) England 2016}) 10. Qxb7 {White is slightly better.} O-O 11. O-O c5 12. Qa6 Bc7 13. Nb5 Bb6 14. b3 Qb8 15. Bb2 Be4 16. Ne5 Bb7 17. Qa2 a6 18. Nxd7 $1 Nxd7 19. Nc3 (19. Na3 $11 {keeps the balance.}) 19... cxd4 $17 20. exd4 Bxd4 {[#] Strongly threatening ...Qf4.} 21. Rad1 Qf4 (21... Qe5 $17 {aiming for ...Rfd8.} 22. Nd5 Bxb2 23. Ne7+ Kh8 24. Rxd7 Be4) 22. Nd5 $1 $11 {[%cal Rd5f4]} exd5 23. Rxd4 Qg5 24. Bd3 (24. Qa5 $11 Rfc8 25. Be2) 24... Rfe8 $40 {[%mdl 128] Black is up to no good.} 25. Qb1 Nf8 26. h4 Qh5 27. f3 Rad8 28. g3 (28. Re1 $11) 28... Qe5 (28... Ne6 $17 29. Rb4 Rd7) 29. Kg2 $15 Qe3 30. Rb4 $2 {[%mdl 8192] [#]} (30. Qc1 $11) 30... Qd2+ {Precision: White = 32%, Black = 41%.} 0-1

[Event "92nd ARG-ch Final 2017"]
[Site "Buenos Aires"]
[Date "2017.10.20"]
[Round "9"]
[White "Mareco, Sandro"]
[Black "Perez Ponsa, Federico"]
[Result "0-1"]
[WhiteElo "2644"]
[BlackElo "2594"]
[Annotator "TA"]
[PlyCount "66"]
[EventDate "2017.10.12"]
[EventType "tourn"]
[EventCountry "ARG"]
[SourceTitle "playchess.com"]
[Source "ChessBase"]
[SourceQuality "1"]

{[%evp 17,66,0,-6,-16,-29,-50,-35,-41,-31,-45,-17,-49,-36,-43,-53,-57,-29,-45,-34,-42,-18,-15,-9,-17,-14,-14,-10,-52,0,0,0,-130,-123,-121,-125,-122,-125,-180,-122,-140,-121,-198,-188,-169,-158,-142,-116,-191,-178,-208,-164]} 1. Nf3 d5 2. g3 Bg4 3. Bg2 Nd7 4. d3 c6 5. Nbd2 e6 6. h3 Bh5 7. O-O Bd6 8. e4 Ne7 9. Qe1 O-O 10. b3 {A07: Réti Opening: New York and Capablanca Systems} (10. Nh4 Ng6 11. Nxg6 Bxg6 12. Nf3 dxe4 13. dxe4 f6 14. Qe2 Qc7 15. Rd1 Rad8 16. Nd4 Rfe8 17. a4 Bf8 18. Nb3 {½-½ (61) Svidler,P (2739)-Jakovenko,D (2759) Chita 2015}) 10... Bb4 11. g4 $146 ({Predecessor:} 11. Qe3 Bc3 12. Rb1 c5 13. Nh4 d4 14. Qe1 Nc6 15. f4 f6 16. a3 {½-½ (40) Iljin,A (2537)-Goganov,A (2609) Sochi 2015}) 11... Bc3 {[#] aiming for ...Bxg4.} 12. Rb1 {Black is slightly better.} Bg6 $1 13. Bb2 Qa5 14. Qc1 Rfd8 15. a3 Bxb2 16. Qxb2 dxe4 17. dxe4 Qc7 18. Qc3 h5 19. g5 Bh7 20. Rfe1 Ng6 21. Nc4 b5 22. Na5 c5 (22... a6 $15) 23. Nd4 $11 Qf4 24. Nxb5 (24. Ndc6 $11 {keeps the balance.} Rdc8 25. Rbd1) 24... a6 $36 {[%mdl 2048] Black is in control.} ({Much less strong is} 24... Qxg5 25. Qg3 $11) 25. Nc6 axb5 26. Nxd8 Rxd8 27. Qe3 (27. Qg3 $17 {is a better defense.}) 27... Qc7 (27... Qe5 $19 28. Rbd1 h4) 28. Rbd1 Ra8 29. f4 (29. Qd3 $17 {was necessary.} Ndf8 30. Qd6 Qxd6 31. Rxd6) 29... Nxf4 $19 {...e5 is the strong threat.} 30. Rxd7 Qxd7 31. Qxf4 Qd4+ 32. Kh1 (32. Qe3 $17) 32... Bg6 33. Qc1 Rd8 {Precision: White = 48%, Black = 58%.} 0-1

[Event "92nd ARG-ch Final 2017"]
[Site "Buenos Aires"]
[Date "2017.10.20"]
[Round "9"]
[White "Valerga, Diego"]
[Black "Flores, Diego"]
[Result "1/2-1/2"]
[WhiteElo "2452"]
[BlackElo "2574"]
[Annotator "TA"]
[PlyCount "42"]
[EventDate "2017.10.12"]
[EventType "tourn"]
[EventCountry "ARG"]
[SourceTitle "playchess.com"]
[Source "ChessBase"]
[SourceQuality "1"]

{[%evp 19,42,28,35,12,25,0,11,8,12,4,12,12,9,18,45,15,35,33,42,41,42,34,43,45,35]} 1. d4 Nf6 2. c4 e6 3. Nf3 Bb4+ 4. Nbd2 O-O 5. e3 c5 6. a3 Bxd2+ 7. Bxd2 b6 8. Bd3 Bb7 9. O-O d6 {[%cal Bd7d6,Bd6c5][%mdl 32]} 10. b4 Nbd7 {LiveBook: 22 Games} 11. Qe2 $146 {E14: Queen's Indian: Classical Variation (4 e3)} ({Predecessor:} 11. Bc3 Qe7 12. dxc5 dxc5 13. Be2 Ne4 14. Bb2 Rfd8 15. Qb3 Ndf6 16. Rad1 Rxd1 17. Bxd1 Rd8 18. h3 h6 19. Bc2 {0-1 (39) Likavsky,T (2486)-Jobava,B (2704) Austria 2012}) 11... Re8 12. bxc5 dxc5 13. Bc3 {The position is equal.} Rc8 14. Rfd1 Qc7 15. Rac1 h6 16. Bb2 Rcd8 17. h3 Qb8 18. a4 {White is slightly better.} Qa8 19. a5 Be4 20. Bxe4 Qxe4 21. axb6 axb6 {Precision: White = 71%, Black = 35%.} 1/2-1/2

[Event "92nd ARG-ch Final 2017"]
[Site "Buenos Aires"]
[Date "2017.10.20"]
[Round "9"]
[White "Villanueva, Mario"]
[Black "Sosa, Tomas"]
[Result "1/2-1/2"]
[WhiteElo "2451"]
[BlackElo "2466"]
[Annotator "TA"]
[PlyCount "130"]
[EventDate "2017.10.12"]
[EventType "tourn"]
[EventCountry "ARG"]

{[%evp 12,130,50,34,48,29,34,22,37,29,24,22,32,30,28,35,39,33,38,39,36,33,40,5,21,0,5,1,46,43,70,56,80,71,79,79,80,79,79,80,72,72,72,72,72,72,80,80,80,83,96,96,95,90,88,77,85,78,96,96,96,96,96,96,96,96,101,101,118,99,106,111,169,169,169,118,165,169,169,159,169,132,12829,12830,12828,5631,759,520,12841,12839,12840,12840,12835,169,169,169,169,169,169,169,169,169,169,169,169,169,169,169,169,169,169,169,169,0,169,169,169,169,169,169,169]} 1. e4 e5 2. Nf3 Nc6 3. Bb5 a6 4. Ba4 Nf6 5. O-O b5 6. Bb3 Bc5 7. a4 {aiming for axb5.} Rb8 {[#] C78: Ruy Lopez: Archangelsk and Möller Defences} ({Avoid the trap} 7... Nxe4 $2 8. axb5 Nxf2 9. Rxf2 $18) 8. Nxe5 $1 {[%mdl 512]} (8. c3 d6 9. d4 Bb6 10. axb5 axb5 11. Na3 O-O 12. Nxb5 Bg4 13. Bc2 exd4 14. Nbxd4 Nxd4 15. cxd4 Bxf3 16. gxf3 Nh5 17. f4 Qh4 18. Ra3 d5 19. exd5 f5 20. Qf3 Rbd8 21. Rc3 {1-0 (60) Harikrishna,P (2733)-Erdos,V (2624) Antalya 2017}) 8... Nxe5 9. d4 {[#]} Bxd4 $1 {[%mdl 512] The position is equal.} 10. Qxd4 d6 11. Bf4 O-O 12. f3 c5 13. Qd2 c4 14. Ba2 $1 Qb6+ 15. Be3 Qc7 $146 16. axb5 axb5 17. b4 Nc6 18. Bd4 Qe7 19. Nc3 {[%cal Bb1c3,Bc3a2,Ba2b4,Bb4d5][%mdl 32]} Nxb4 20. Rfb1 $36 {[%mdl 2048] White is more active.} Nxa2 21. Nxa2 Bd7 22. Nb4 {[%mdl 1024] White has strong compensation.} Ra8 23. Qg5 {Threatens to win with Nd5.} h6 24. Qg3 $1 Nh5 25. Nd5 Qg5 26. Qxg5 $1 hxg5 27. Rxa8 Rxa8 28. Nb6 Rd8 29. Nxd7 Rxd7 30. Rxb5 d5 31. Rxd5 Rxd5 32. exd5 $16 {[%mdl 4096] Endgame KB-KN} Nf4 {[#]} 33. Be3 $1 Nxd5 34. Bxg5 c3 35. Kf2 Nb4 36. Bd8 Nxc2 37. Ba5 Nd4 {White must now prevent ...c2.} 38. Bxc3 Ne6 39. g4 f6 40. h4 Kf7 41. Ke3 Nc7 (41... g6 $16 42. Bd4 f5) 42. Ke4 $18 Ne6 43. Bd4 (43. f4 $18) 43... Nf8 44. f4 {[%cal Bf3f4,Bf4f5][%mdl 32]} Ng6 45. Bf2 Ne7 46. Bc5 {Strongly threatening Bxe7.} Nc6 $2 {[%mdl 8192]} (46... f5+ $16 47. gxf5 Ng8) 47. Kd5 Nd8 48. Bb6 Ne6 49. f5 Nf8 (49... Nf4+ $142 50. Ke4 Ne2) 50. Kd6 Ke8 51. Bd4 Kf7 52. h5 $2 (52. Bc5 Ke8 53. Bb4) 52... Nh7 53. Be3 Nf8 54. Bf4 Nh7 55. Kd7 Nf8+ 56. Kd8 Nh7 57. h6 {Threatening mate with hxg7.} g6 58. Kd7 gxf5 59. gxf5 Nf8+ {[#]} 60. Kd6 $1 Nh7 61. Kd5 Nf8 62. Kd6 Nh7 63. Be3 {White is clearly better.} Nf8 64. Bf2 Nh7 65. Bh4 Nf8 {Precision: White = 75%, Black = 65%.} 1/2-1/2

[Event "92nd ARG-ch Final 2017"]
[Site "Buenos Aires"]
[Date "2017.10.20"]
[Round "9"]
[White "Slipak, Sergio"]
[Black "Dolezal, Cristian"]
[Result "1-0"]
[WhiteElo "2437"]
[BlackElo "2426"]
[Annotator "TA"]
[PlyCount "45"]
[EventDate "2017.10.12"]
[EventType "tourn"]
[EventCountry "ARG"]
[SourceTitle "playchess.com"]
[Source "ChessBase"]
[SourceQuality "1"]

{[%evp 14,45,33,39,144,162,158,129,125,134,153,132,158,156,186,187,188,177,241,236,229,248,243,246,249,244,411,372,493,477,450,420,660,660]} 1. d4 c6 2. e4 d5 3. exd5 cxd5 4. Bd3 Nc6 5. c3 g6 6. Nf3 {[%cal Bg1f3,Bf3h4,Bh4f5][%mdl 32]} Nf6 7. O-O {B13: Caro-Kann: Exchange Variation and Panov-Botvinnik Attack} Bg7 8. Re1 {LiveBook: 26 Games} Bf5 (8... Qc7 $14) (8... O-O 9. Bg5 Bf5 10. Bxf5 gxf5 11. Bxf6 Bxf6 12. Nbd2 e6 13. Nb3 Kh8 14. Nc5 Qc7 15. Qd2 Rg8 16. Nd3 Rg4 17. g3 Rag8 18. Kh1 Re4 19. Nc5 Rxe1+ 20. Rxe1 {1-0 (46) Kramnik,V (2809)-Hou,Y (2651) Medias 2016}) 9. Bxf5 $16 {White is clearly better.} gxf5 {[#]} 10. Nh4 $1 Qd7 11. Qf3 O-O-O 12. Nxf5 Rdg8 13. Nd2 {[%cal Bb1d2,Bd2b3,Bb3c5][%mdl 32]} h5 $146 ({Predecessor:} 13... Bf8 14. Nf1 {0-1 (38) Gurung,R (1971)-Mitrabha,G (2321) Kankarbagh 2017}) 14. b4 {[%cal Bb2b4,Bb4b5][%mdl 32]} Bf8 15. b5 $36 {[%mdl 2048] White is really pushing.} Na5 (15... Nd8 {keeps fighting.} 16. a4 Ne6) 16. Nb3 $18 Nc4 {[#]} 17. Nc5 $1 {[%cal Rc5d7]} Qd8 18. Ne3 ({But not} 18. Bf4 $6 e6 $16) 18... Nxe3 19. Bxe3 ({Weaker is} 19. fxe3 e6 $14) 19... Rg7 $2 (19... e6 20. c4 Rh7) 20. c4 Rhg8 21. g3 e6 22. Rac1 Kb8 {[#]} (22... Bxc5 $142 23. dxc5 Ne4 24. cxd5 Qxd5) 23. Qxf6 $1 {[%mdl 512] Precision: White = 89%, Black = 33%.} 1-0

[Event "92nd ARG-ch Final 2017"]
[Site "Buenos Aires"]
[Date "2017.10.20"]
[Round "9"]
[White "Acosta, Pablo Ismael"]
[Black "Pichot, Alan"]
[Result "1-0"]
[WhiteElo "2409"]
[BlackElo "2571"]
[Annotator "TA"]
[PlyCount "67"]
[EventDate "2017.10.12"]
[EventType "tourn"]
[EventCountry "ARG"]

{[%evp 16,67,34,28,23,0,0,0,12,0,45,18,13,-11,80,44,117,123,137,117,135,124,102,125,122,121,340,348,359,366,364,354,366,362,353,348,351,353,480,559,531,540,531,520,543,530,818,834,815,797,862,831,1003,995]} 1. d4 Nf6 2. c4 g6 3. Nc3 Bg7 4. e4 d6 5. h3 O-O 6. Be3 e5 7. d5 a5 8. g4 Na6 9. Nf3 Nd7 {E90: King's Indian: Classical: Early deviations and 6 h3} 10. Be2 (10. a3 Nb6 11. Rg1 Bd7 12. h4 Nc5 13. b3 Kh8 14. a4 c6 15. dxc6 Bxc6 16. Bd3 Nbd7 17. Bc2 {½-½ (40) Tomashevsky,E (2696)-Saric,I (2618) Minsk 2017}) 10... Ndc5 11. Rg1 Kh8 {The position is equal.} 12. Qd2 Bd7 13. O-O-O {[#]} a4 $146 ({Predecessor:} 13... f5 14. gxf5 gxf5 15. Bh6 Bxh6 16. Qxh6 Qf6 17. Qh5 fxe4 {0-1 (36) Ivanov,J (2377)-Matamoros Franco,C (2540) Campillos 2007}) 14. h4 {[%cal Bh3h4,Bh4h5,Bh5h6][%mdl 32]} c6 (14... a3 $1 $11) 15. h5 a3 {[#]} (15... Kg8 $1 $14) 16. b4 $1 $16 {[%mdl 512]} Nxb4 17. Bxc5 dxc5 {[#]} 18. h6 $1 $36 {[%cal Rh6g7][%mdl 2048] White is in control.} Bf6 19. g5 cxd5 20. cxd5 ({Much worse is} 20. gxf6 $6 d4 $11) 20... b5 $2 (20... Be7 $16 {keeps fighting.}) 21. gxf6 $18 Qxf6 22. Qg5 Qxg5+ 23. Nxg5 ({Weaker is} 23. Rxg5 f6 $16) 23... c4 24. f4 exf4 25. Rgf1 f6 26. Ne6 g5 27. Nxf8 {White is clearly winning.} Rxf8 28. Kd2 Na6 29. Rb1 Nc5 30. Rg1 f3 31. Bxf3 Rb8 32. Ke3 b4 33. Be2 Rb7 34. Kd4 {Precision: White = 78%, Black = 34%.} 1-0

[Event "92nd ARG-ch Final 2017"]
[Site "Buenos Aires"]
[Date "2017.10.20"]
[Round "9"]
[White "Pierrot, Facundo"]
[Black "Krysa, Leandro"]
[Result "1/2-1/2"]
[WhiteElo "2405"]
[BlackElo "2545"]
[Annotator "TA"]
[PlyCount "66"]
[EventDate "2017.10.12"]
[EventType "tourn"]
[EventCountry "ARG"]

{[%evp 15,66,40,22,14,27,22,29,23,21,7,2,0,5,0,0,0,9,0,51,48,51,0,38,36,53,38,36,28,25,25,43,38,38,45,43,24,46,60,78,87,73,62,92,89,77,68,58,52,56,50,87,93,110]} 1. e4 e5 2. Nf3 Nc6 3. d4 exd4 4. Nxd4 Nf6 5. Nxc6 bxc6 6. Bd3 d6 7. O-O Be7 8. Nc3 O-O {LiveBook: 27 Games} 9. Re1 {C45: Scotch Game} (9. f4 d5 10. e5 Bc5+ 11. Kh1 Ng4 12. Qe1 f6 13. h3 Nf2+ 14. Rxf2 Bxf2 15. Qxf2 fxe5 16. Qc5 Qh4 17. Qxc6 Bxh3 18. gxh3 Qxh3+ {1-0 (54) Dzhumaev,M (2465)-Mista,A (2593) Sharjah 2016}) 9... Nd7 10. Bf4 Bf6 11. Qd2 {White has an edge.} a5 $146 ({Predecessor:} 11... Re8 12. Na4 g5 13. Bg3 Ne5 14. Be2 Kh8 15. Rad1 Be6 16. b3 Qe7 {1-0 (40) Makka,I (2198)-Benderac,A (2302) Kusadasi 2006}) 12. b3 a4 13. Rad1 axb3 14. cxb3 Re8 15. Bb1 Bb7 16. Be3 Bxc3 (16... c5 $11) 17. Qxc3 $14 c5 18. b4 ({White should play} 18. f3 $14) 18... cxb4 19. Qxb4 Qb8 20. f3 Ne5 21. Qc3 c5 22. Bf4 Qc7 23. Bg3 Ra4 24. Qd2 Rd4 25. Qc2 Rxd1 26. Rxd1 c4 27. Qc3 h5 28. Qd4 c3 {[#] aiming for ...c2.} 29. Rc1 ({Not} 29. Qxd6 c2 $17) 29... Qe7 30. Rxc3 h4 31. Bf2 h3 $1 32. Bg3 hxg2 33. Kxg2 f5 {Precision: White = 56%, Black = 41%.} 1/2-1/2

[Event "92nd ARG-ch Final 2017"]
[Site "Buenos Aires"]
[Date "2017.10.20"]
[Round "9"]
[White "Cuberli, Emiliano"]
[Black "Real De Azua, Ernesto"]
[Result "0-1"]
[WhiteElo "2248"]
[BlackElo "2484"]
[Annotator "TA"]
[PlyCount "56"]
[EventDate "2017.10.12"]
[EventType "tourn"]
[EventCountry "ARG"]
[SourceTitle "playchess.com"]
[Source "ChessBase"]
[SourceQuality "1"]

{[%evp 11,56,0,8,0,0,0,0,0,0,0,0,0,37,26,31,-14,-15,-24,-17,-44,-26,-101,-83,-89,-83,-178,-154,-215,-37,-172,-151,-292,-282,-270,-271,-325,-243,-241,-237,-225,-204,-379,-463,-389,-373,-29994,-29995]} 1. Nf3 d5 2. g3 g6 3. Bg2 Bg7 4. c4 d4 5. O-O e5 6. d3 Ne7 7. e3 {A09: Réti Opening: 1 Nf3 d5 2 c4} dxe3 8. fxe3 Nbc6 9. Nc3 {The position is equal.} O-O 10. Rb1 a5 11. a3 f5 12. Qc2 a4 $146 ({Predecessor:} 12... h6 13. b4 axb4 14. axb4 {0-1 (40) Ferretti,F (2254)-Barsov,A (2546) Genova 2006}) 13. b4 axb3 $1 14. Rxb3 h6 15. Rb5 f4 16. gxf4 (16. Nd5 $11 {keeps the balance.}) 16... exf4 $17 17. Nd5 fxe3 18. Bxe3 (18. Nxe3 $17 Nd4 19. Nxd4 Rxf1+ 20. Kxf1 Qxd4 21. Be4) 18... Nf5 $1 $19 {[%cal Rf5e3]} ({Much less strong is} 18... Rxa3 19. Bc5 $15) 19. Bc5 {[#]} (19. Qf2 $17) 19... Nfd4 $2 ({Better is} 19... Ncd4 $1 $19 {[%cal Rd4c2]} 20. Nxd4 Bxd4+ 21. Bxd4 Nxd4 22. Rxf8+ Qxf8) 20. Qa2 (20. Qd2 $15 Nxb5 21. Bxf8 Bxf8 22. cxb5 Qxd5 23. bxc6 Qxc6 24. Ne5) 20... Nxf3+ 21. Rxf3 (21. Bxf3 $17 Bd4+ 22. Bxd4 Nxd4 23. Qg2) 21... Rxf3 22. Bxf3 Bd4+ 23. Kh1 Bxc5 $40 {[%mdl 128] Black attacks with force.} 24. Rxc5 {[#]} Qf8 $1 {[%cal Rf8f3]} 25. Qg2 Bf5 (25... Qxc5 $2 {loses.} 26. Qxg6+ Kf8 27. Qxh6+ Kg8 28. Bh5 $18) 26. Nxc7 $2 (26. Qg1 {was necessary.} Bxd3 27. Qe3 Rxa3 28. Nxc7) 26... Rxa3 (26... Qxc5 $2 27. Nxa8 Qxa3 28. Nc7 $19) 27. Qg1 Rxd3 28. Bd5+ $2 {[#]} (28. Bg2 $19 Rd2 29. Qe1 Rxg2 30. Rxf5 Rxh2+ 31. Kxh2 Qxf5 32. Nd5) 28... Rxd5 $1 {[%mdl 512] Precision: White = 22%, Black = 70%.} 0-1

[Event "92nd ARG-ch Final 2017"]
[Site "Buenos Aires"]
[Date "2017.10.21"]
[Round "10"]
[White "Perez Ponsa, Federico"]
[Black "Villanueva, Mario"]
[Result "1/2-1/2"]
[WhiteElo "2594"]
[BlackElo "2451"]
[Annotator "TA"]
[PlyCount "61"]
[EventDate "2017.10.12"]
[EventType "tourn"]
[EventCountry "ARG"]
[SourceTitle "playchess.com"]
[Source "ChessBase"]
[SourceQuality "1"]

{[%evp 11,61,14,21,10,18,15,6,20,12,19,19,16,10,10,26,11,39,35,37,36,84,96,60,0,10,0,0,0,11,7,7,7,36,12,10,17,8,8,12,8,10,0,7,7,7,0,0,0,0,0,931,11]} 1. Nf3 Nf6 2. g3 b5 3. Bg2 Bb7 4. O-O e6 5. d3 Be7 6. e4 {[%cal Be2e4,Be4e5][%mdl 32]} O-O 7. c4 {A05: Réti Opening: 1 Nf3 Nf6} (7. Qe2 d6 8. Nbd2 c5 9. b3 Nc6 10. Bb2 Nd7 11. d4 cxd4 12. Nxd4 Nxd4 13. Bxd4 a5 14. Rfd1 Ba6 15. c4 bxc4 16. Nxc4 a4 {½-½ (33) Lopez Martinez,J (2589)-Vallejo Pons,F (2717) Linares 2017}) 7... bxc4 8. e5 $1 {[%cal Re5f6]} Nd5 9. dxc4 {The position is equal.} Nb6 10. Qe2 d5 11. exd6 cxd6 12. Rd1 N8d7 13. Nc3 Qc8 $146 ({Predecessor:} 13... Bf6 14. Rxd6 Rc8 {1-0 (29) Brunner,R (2194)-Palladino,M (2148) ICCF email 2012}) 14. b3 d5 15. Nxd5 Nxd5 16. cxd5 Bxd5 17. Bf4 {[#] aiming for Rxd5!} Ba3 18. Ng5 {[%cal Bf3g5,Bg5e4,Be4d6][%mdl 32]} Bxg2 19. Kxg2 Qb7+ 20. Kg1 h6 21. Ne4 {With the idea Bxh6.} Rfd8 22. Bd6 (22. b4 $5) 22... Bxd6 23. Nxd6 Qb8 $1 24. Qh5 Rf8 25. Rd4 $36 {[%mdl 2048] White is more active.} Nf6 26. Qf3 Qb6 27. Rad1 Rad8 28. Kg2 Rd7 29. R4d2 Rfd8 {[%cal Rd7d6]} 30. Nc4 Qb7 $2 {[%mdl 8192] [#]} (30... Qc7 $11) 31. Rxd7 $2 {Precision: White = 47%, Black = 66%.} (31. Qxb7 $18 Rxb7 32. Rxd8+ Kh7 33. f4) 1/2-1/2

[Event "92nd ARG-ch Final 2017"]
[Site "Buenos Aires"]
[Date "2017.10.21"]
[Round "10"]
[White "Flores, Diego"]
[Black "Acosta, Pablo Ismael"]
[Result "1-0"]
[WhiteElo "2574"]
[BlackElo "2409"]
[Annotator "TA"]
[PlyCount "65"]
[EventDate "2017.10.12"]
[EventType "tourn"]
[EventCountry "ARG"]
[SourceTitle "playchess.com"]
[Source "ChessBase"]
[SourceQuality "1"]

{[%evp 12,65,7,11,52,49,73,39,85,87,87,78,77,87,80,87,88,81,79,80,77,59,144,154,186,182,191,182,184,189,195,190,187,194,196,146,145,137,241,241,241,246,247,259,236,222,214,222,239,220,236,132,125,127,891,873]} 1. Nf3 Nf6 2. c4 e6 3. Nc3 Bb4 4. g3 O-O 5. Bg2 d5 6. d4 c5 7. cxd5 {LiveBook: 65 Games} Ne4 {E20: Nimzo-Indian: 4 g3 and 4 f3} (7... Nxd5 8. Bd2 cxd4 9. Nxd5 Bxd2+ 10. Qxd2 Qxd5 11. Qxd4 Qb5 12. a4 Qe8 13. Ne5 f6 14. Nc4 Nc6 15. Qc5 e5 16. Nd6 Qe7 {1-0 (34) Abdulla,A (2503)-Fang,Y (2443) Chengdu 2017}) 8. O-O exd5 $146 ({Predecessor:} 8... Nxc3 9. bxc3 Bxc3 10. Rb1 exd5 11. dxc5 Nc6 12. Qc2 Bf6 13. Rd1 Re8 14. Ng5 Bxg5 15. Rxd5 {1-0 (31) Bolbochan,J-Corte,C Buenos Aires 1946}) 9. dxc5 Bxc3 {White is slightly better.} 10. bxc3 Re8 11. Be3 Nxc3 12. Qc2 Ne4 13. Rfd1 {[%cal Bf1d1,Bd1d5,Bd5d6][%mdl 32]} Nc6 14. Rab1 h6 15. Nd4 Qa5 16. Nb3 Qa6 (16... Qc7 $14) 17. Rxd5 $16 Nf6 18. Rd6 Ng4 19. Nd4 {[%cal Rd4c6]} Nxe3 20. fxe3 {[%cal Rd4c6]} Qa3 21. Qc1 $36 {[%mdl 2048] Black is under strong pressure.} Qxc1+ 22. Rxc1 Ne5 23. Bd5 {Strongly threatening c6.} Rb8 24. Rb1 {[#] Black must now prevent c6.} Bh3 (24... Nd7 $16) 25. Rxb7 $18 Rxb7 26. Bxb7 Nc4 27. Ra6 Rxe3 28. Bg2 Bxg2 29. Kxg2 Re7 30. Kf2 Ne5 31. Nb5 (31. c6 $18) 31... Ng4+ $16 32. Ke1 {[#] And now c6 would win.} Nxh2 $2 {[%mdl 8192]} (32... Re5 $16) 33. c6 {Precision: White = 90%, Black = 53%.} 1-0

[Event "92nd ARG-ch Final 2017"]
[Site "Buenos Aires"]
[Date "2017.10.21"]
[Round "10"]
[White "Pichot, Alan"]
[Black "Cuberli, Emiliano"]
[Result "1-0"]
[WhiteElo "2571"]
[BlackElo "2248"]
[Annotator "TA"]
[PlyCount "69"]
[EventDate "2017.10.12"]
[EventType "tourn"]
[EventCountry "ARG"]
[SourceTitle "playchess.com"]
[Source "ChessBase"]
[SourceQuality "1"]

{[%evp 33,69,-13,-13,-55,-49,-58,-75,-75,-83,-106,66,56,200,193,211,194,227,262,272,232,530,536,516,508,473,298,441,252,690,799,790,787,733,725,1049,1023,1484,1423]} 1. e4 e5 2. Nf3 Nc6 3. Bb5 {[%cal Bf1b5,Bb5a4,Ba4b3][%mdl 32]} a6 4. Ba4 Nf6 5. O-O Be7 6. Re1 b5 7. Bb3 O-O 8. c3 d6 9. h3 Na5 10. Bc2 c5 11. d4 Bb7 12. Nbd2 cxd4 13. cxd4 exd4 14. Nxd4 Re8 15. b3 Bf8 16. Bb2 g6 17. a4 {C96: Closed Ruy Lopez: Chigorin Defence: 11 d4, replies other than 11...Qc7} (17. Qf3 Bg7 18. Rad1 Rc8 19. Bb1 Nc6 20. Nxc6 Bxc6 21. Nf1 Re6 22. Ng3 Nxe4 23. Bxe4 Bxe4 24. Rxe4 Bxb2 25. Rxe6 fxe6 {½-½ (40) Van Foreest,J (2466)-Short,N (2646) Douglas 2014}) 17... b4 {[#] LiveBook: 4 Games} 18. Qf3 $146 ({Predecessor:} 18. Rc1 Bh6 19. Bb1 d5 20. e5 Ne4 21. Nxe4 dxe4 22. Bxe4 Rxe5 23. Bxb7 Rxe1+ 24. Qxe1 Bxc1 {½-½ (48) Guliyev,N (2526)-Garcia Palermo,C (2459) Frascati 2005}) 18... Bg7 19. Rad1 {Black is slightly better.} Rc8 20. Bb1 Nd7 21. Nf1 Ne5 $2 ({Black should play} 21... Nc5 $17 22. Re2 d5 23. exd5 Qxd5 24. Qxd5 Bxd5) 22. Qg3 $1 $14 Qb6 ({Better is} 22... h5 $14) 23. Ne3 $18 Nd7 {[#]} 24. Nef5 $1 {[%cal Rf5g7][%mdl 512]} Be5 {[#]} (24... gxf5 25. Nxf5) 25. f4 $1 {[%cal Rf4e5]} ({Not} 25. Nh6+ Kf8 $16) 25... Bf6 26. Kh1 Rc3 $2 (26... Qc5 {was necessary.} 27. Nh6+ Kf8) 27. Bxc3 bxc3 28. Nh6+ Kf8 29. Qxc3 Bg7 (29... Rc8 $142 30. Qd2 Bg7) 30. Ng4 (30. Nxf7 $142 Bxd4 31. Qxd4 Kxf7 32. b4 Qxd4 33. Rxd4) 30... f5 $2 (30... Kg8 31. e5 dxe5) 31. exf5 {[%cal Be4f5,Bf5g6,Bg6g7][%mdl 32] White is clearly winning.} Rxe1+ 32. Qxe1 Bxd4 33. fxg6 {Threatens to win with Rxd4!} Qxb3 34. Kh2 Qd5 {[#]} 35. g7+ $1 {[%mdl 512] Precision: White = 78%, Black = 27%.} 1-0